Paesi che contengono una lettera - G - Statistics

Statistiche generali
  • Questo quiz è stato fatto 509 volte
  • Il punteggio medio è 46 su 55
Statistiche sulle risposte
Categoria Paese % Corretto
1 x G Guinea
95%
1 x G Argentina
94%
1 x G Giappone
93%
1 x G Gibuti
92%
1 x G Grecia
92%
1 x G Germania
91%
1 x G Giordania
91%
1 x G Guatemala
91%
1 x G Afghanistan
90%
1 x G Gambia
90%
2 x G Georgia
90%
1 x G Giamaica
90%
1 x G Guinea-Bissau
90%
1 x G Guinea Equatoriale
90%
1 x G Algeria
89%
1 x G Ghana
89%
1 x G Guyana
89%
1 x G Portogallo
88%
1 x G Repubblica del Congo
88%
1 x G Repubblica Democratica del Congo
88%
1 x G Ungheria
88%
1 x G Belgio
87%
1 x G Norvegia
87%
1 x G Bulgaria
86%
1 x G Gabon
86%
1 x G Grenada
86%
1 x G Angola
85%
1 x G Antigua e Barbuda
84%
1 x G Egitto
84%
1 x G Madagascar
84%
1 x G Regno Unito
84%
1 x G Cambogia
83%
1 x G Mongolia
82%
1 x G Niger
82%
1 x G Nigeria
82%
1 x G Paraguay
82%
1 x G Uruguay
82%
1 x G Bangladesh
80%
1 x G Lussemburgo
80%
1 x G Nicaragua
80%
1 x G Spagna
80%
1 x G Tagikistan
80%
1 x G Kirghizistan
79%
1 x G Montenegro
79%
1 x G Azerbaigian
78%
1 x G Papua Nuova Guinea
78%
1 x G Uganda
77%
1 x G Senegal
76%
1 x G Figi
75%
1 x G Trinidad e Tobago
74%
1 x G Togo
72%
1 x G Bosnia ed Erzegovina
71%
1 x G Singapore
71%
1 x G Tonga
71%
1 x G Saint Vincent e Grenadine
65%
Nessun quiz corrispondente trovato
Distribuzione punteggi
Percentuale di utenti per punteggio
Percentile per numero di risposta
I tuoi punteggi nel tempo
Non hai fatto questo quiz